000 00241nam a22001217a 4500
003 SGT
082 _bSIN
100 _aSINGH, Y.K.
245 _aTEACHING OF ENGLISH
260 _aDELHI
_bAPH PUB.
_c2018
300 _a297
942 _2ddc
_cBK
999 _c19917
_d19917